000
00240 a2200097 4500
001
22745
100
_a
Houghton, E L
245
_a
Aerodynamics for Engineeing students
260
_a
London
_b
Edward Arnold & Co.
_c
1972
090
_c
15379
_d
15379
942
_a
NUST-CAE
_c
M
_c
5979
999
_c
257818
_d
257818